00302 a2200133 450000100060000002000180000604000220002410000260004624000300007224500250010230000080012736200090013565000240014464456 a9788502176119 cAnchieta - Pituba aPaula, Marcelo Moraes10aJornadas.geo 8° anolpor10aJornadas.geo 8° ano a2400 a2012 4aGeografia e viagens